Presidentes de Comunidades Autónomas: Extremadura - Estadísticas

Estadísticas generales
  • Esta prueba ha sido intentada 73 veces
  • La puntuación promedio es 4 de 5
Estadísticas de respuestas
Período Presidente % Correcto
2007-2011 Guillermo Fernández Vara
97%
2015-2023 Guillermo Fernández Vara
97%
2023-Act. María Guardiola
95%
2011-2015 José Antonio Monago
80%
1983-2007 Juan Carlos Rodríguez Ibarra
78%
No se encontraron pruebas coincidentes
Distribución de puntuación
Porcentaje de gente con cada puntuación
Porcentaje por número respondido
Historial de tus puntuaciones
No has intentado esta prueba.